LEADER 02136nam a2200313 4500 001 000000344380 003 CaOOAMICUS 005 20210219135731.0 008 210219s1993 xxua 000 u eng r 020 $a0-13-276288-9$c(set) 040 $aSeMil$bita 245 04$aThe new encyclopedia of archaeological excavations in the Holy Land /$cEphraim Stern, editor ; Ayelet Lewinson-Gilboa, assistant editor, Joseph Aviram, editorial director. 264 1$aJerusalem :$bThe Israel Exploration Society & Carta ;$aNew York [etc.] :$bSimon & Schuster,$c1993. 300 $a4 v. (xxii, 2152 p. compless.) :$bill., c. geogr. ;$c31 cm 650 4$aScavi archeologici - Palestina.$0(OLS)http://semarc/subject/4652 650 4$aPalestina - Archeologia.$0(OLS)http://semarc/subject/862 650 4$aBibbia - Antichità - Enciclopedie e dizionari.$0(OLS)http://semarc/subject/50003 700 1 $aAviram, Joseph.$0(OLS)http://semarc/name/113087 700 1 $aStern, Ephraim,$d<1934-2018>.$0(OLS)http://semarc/name/113085 700 1 $aLewinson-Gilboa, Ayelet.$0(OLS)http://semarc/name/113086 774 0 $t1: [Abila-Elusa].$dJerusalem : The Israel Exploration Society & Carta ; New York [etc.] : Simon & Schuster, 1993.$z0-13-276296-X$w()344382 774 0 $t2: [Emmaus-Jerusalem].$dJerusalem : The Israel Exploration Society & Carta ; New York [etc.] : Simon & Schuster, 1993.$z0-13-276304-4$w()344383 774 0 $t3: [Jokneam-Pella].$dJerusalem : The Israel Exploration Society & Carta ; New York [etc.] : Simon & Schuster, 1993.$z0-13-276312-5$w()344384 774 0 $t4: [Petra-Ziqim].$dJerusalem : The Israel Exploration Society & Carta ; New York [etc.] : Simon & Schuster, 1993.$z0-13-276320-6$w()344385 996 $6020$a0-13-276288-9$c(set)$9(OLS)http://semarc/number/292419 996 $6245$aThe new encyclopedia of archaeological excavations in the Holy Land$9(OLS)http://semarc/title/433472 996 $6264$aJerusalem :$bThe Israel Exploration Society & Carta$9(OLS)http://semarc/publisher/59566 996 $6264$aNew York [etc.] :$bSimon & Schuster$9(OLS)http://semarc/publisher/59567 LEADER 00759nam a2200205 i 4500 001 000000179362 003 CaOOAMICUS 005 20250829094437.0 008 090511s1979 xxk u000 u mul u 040 $aSeMil$bita 245 10$aVol. 2. 300 $a521 p. 490 1 $aThe Loeb Classical Library ;$v137 773 0 $aPolybius $tHistories.$dCambridge, Massachusetts : Harvard University Press ; London : Heinemann, 1976-1980.$w()21280 830 4$aThe Loeb Classical Library.$0(OLS)http://semarc/title/26868 850 $aSeMil 852 $aSeMil$W1$xVenegono$y1$m1Y II 32/2$j261091$B130125$CSeMilBibl$Z2$F141615 $81 961 $aOmaggio: Villa don Cesare 996 $6245$aVol. 2$9(OLS)http://semarc/title/13458